Autobiographie scientifique et derniers ecrits
Furkejuvvon:
| Váldodahkki: | |
|---|---|
| Materiálatiipa: | Girji |
| Giella: | fránskkagiella |
| Almmustuhtton: |
París
Flammarion
1960
|
| Fáttát: | |
| Fáddágilkorat: |
Lasit fáddágilkoriid
Eai fáddágilkorat, Lasit vuosttaš fáddágilkora!
|
MARC
| LEADER | 00000nam a2200000 a 4500 | ||
|---|---|---|---|
| 001 | UCY2012 | ||
| 003 | CL-VaPUC | ||
| 008 | 941005e19600000FR |||||||||||||||||fre|d | ||
| 082 | 0 | 4 | |a 530.092 |b PLA |2 21 |
| 100 | 0 | |a Planck, Max |e author |9 330079 | |
| 245 | 1 | 0 | |a Autobiographie scientifique et derniers ecrits |
| 300 | |a 220 p | ||
| 942 | |c BK | ||
| 945 | |d 19941005 00:00:00 |a mfernand | ||
| 260 | |a París |b Flammarion |c 1960 | ||
| 600 | 0 | 7 | |a PLANCK, MAX |2 CL-VaPUC |9 330080 |
| 650 | 7 | |a FISICOS BIOGRAFIAS |2 CL-VaPUC |9 316644 | |
| 651 | 0 | |a Alemania |9 255688 | |
| 583 | |a last modification |c 20120821 08:47:18 |k Rodrigo Vera | ||
| 999 | |c 230542 |d 230540 | ||
| 952 | |0 0 |1 0 |4 0 |6 530_092000000000000_PLA_1960 |7 0 |8 A |9 232905 |a BIBCUR |b BIBCUR |d 2019-11-15 |i 3025446 |o 530.092 PLA 1960 |p 3025446 |r 2025-04-22 |w 2019-11-15 |y BK |k FIS | ||